Pink Floyd song to album - Statistics

General Stats
  • This quiz has been taken 709 times
  • The average score is 11 of 15
Answer Stats
Hint Answer % Correct
Dogs Animals
98%
Have a cigar Wish you were here
97%
Young lust The wall
93%
Eclipse Dark side of the moon
89%
Fearless Meddle
83%
Fat old sun Atom heart mother
81%
Marooned The division bell
73%
The post war dream The final cut
72%
Several Species of small fury animals gathered together in a cave and grooving with a pict Ummagumma
72%
Learning to fly A momentary lapse of reason
70%
The Nile song More
65%
Corporal Clegg A saucerful of secrets
61%
Scarecrow The piper at the gates of dawn
60%
Childhood's end Obscured by clouds
58%
Two suns in the sunset The final cut
55%
No matching quizzes found
Score Distribution
Percent of People with Each Score
Percentile by Number Answered
Your Score History
You have not taken this quiz